ادب الشهود / (Record no. 66389)
[ view plain ]
| 000 -الفاتح | |
|---|---|
| حقل البيانات ثابتة الطول | 00951nam a22002417a 4500 |
| 005 - وقت وتاريخ اخر تعامل مع التسجيلة | |
| رقم الضبط | 20240530110916.0 |
| 008 - عناصر البيانات ثابتة الطول - معلومات عامة | |
| حقل البيانات ثابتة الطول | 220509s2007 ua g b 001 0 ara d |
| 017 ## - رقم الايداع القانونى | |
| رقم الايداع القانونى | 2007/20966 |
| المصدر ( الهيئة المختصة) | مصر. دار الكتب |
| 020 ## - الرقم الدولى المعيارى للكتب | |
| الرقم الدولى المعيارى للكتاب | 977344122 |
| 040 ## - مصدر الفهرسة | |
| وكالة الفهرسة الأصلية | EG-CaGPL |
| وكالة النسخ | EG-CaGPL |
| 082 04 - رقم تصنيف ديوى العشرى | |
| رقم الطبعة | 21 |
| رقم التصنيف | 257.5/ |
| رقم المادة | ش أ |
| 100 1# - المدخل الرئيسى - إسم شخصى | |
| الإسم الشخصى | الشافعى، ابى الحسن محمد بن يحيى |
| 245 12 - بيان العنوان | |
| العنوان | ادب الشهود / |
| بيان المسئوليه,etc | ابى الحسن محمد بن يحيى الشافعى ؛ تحقيق محمد الدين السرحان |
| 260 ## - PUBLICATION, DISTRIBUTION, ETC. (IMPRINT) | |
| تاريخ النشر أو التوزيع | 2007. |
| 300 ## - الوصف المادى | |
| التعداد | 294 ص. ؛ |
| أبعاد الوعاء | 24 سم. |
| 504 ## - تبصرة ببليوجرافية | |
| تبصرة ببليوجرافية,الخ | يشتمل على ارجاعات ببليوجرافية |
| 650 07 - المدخل الاضافى بالموضوع-مصطلح موضوعى | |
| مصدر الرأس أو المصطلح | qrmak |
| مصطلح موضوعي | شهادة الشهود |
| 650 07 - المدخل الاضافى بالموضوع-مصطلح موضوعى | |
| مصدر الرأس أو المصطلح | qrmak |
| مصطلح موضوعي | استجواب الشهود |
| 651 ## - المدخل الاضافى بالموضوع - اسم جغرافى | |
| مصدر الرأس أو المصطلح | qrmak |
| 700 0# - المدخل الاضافى - اسم شخصى | |
| الإسم الشخصى | محمد الدين السرحان |
| الدور | محقق |
| 942 ## - عناصر المدخل الإضافي( كوها) | |
| مصدر التصنيف او مخطط الترفيف | Dewey Decimal Classification |
| Koha [default] item type | كتاب |
| 260 ## - PUBLICATION, DISTRIBUTION, ETC. (IMPRINT) | |
| -- | القاهرة : |
| -- | دار الافاق العربية، |
| حالة التراجع | حالة الفقد | حالة تلف | ليس للاعارة | المكان المؤقت | الموقع الحالى | موقع الترفيف | تاريخ الاكتساب | اجمالي اﻻعارات | رقم الطلب | الباركود | تاريخ اخر مشاهدة | تاريخ تفعيل السعر | نوع وعاء كوها |
|---|---|---|---|---|---|---|---|---|---|---|---|---|---|
| مكتبة القاهرة الكبرى | مكتبة القاهرة الكبرى | ق الرئيسية_الديانات_ك عربى | 05/09/2022 | 257.5/ ش أ | 167840 | 05/09/2022 | 05/09/2022 | كتاب |

